000 00513cam a2200169 4500500
005 20260329003250.0
041 _afre
042 _adc
100 1 0 _aRogé, Antoine
_eauthor
245 0 0 _aLe pourceau d’Épicure aux lentilles
260 _c2015.
500 _a90
690 _aCuisine
690 _aRecette
786 0 _nPhilosophie magazine | 88 | 4 | 2015-04-01 | p. 76-76 | 1951-1787
856 4 1 _uhttps://shs.cairn.info/magazine-philosophie-magazine-2015-4-page-76?lang=fr&redirect-ssocas=7080
999 _c1822958
_d1822958